000 01497nam a22001577a 4500
041 _aukr
080 _a09
090 _bДОС
100 _aДоскоч, І. В.
245 _aЗіставний аналіз комунікативної поведінки канадців та українців в різних комунікативних ситуаціях на основі програми CWY
260 _aОстрог
_bКАФ
_c2014
300 _a56
520 _aВступ. Розділ І. Теоретичні основи комунікації та комунікативності. 1.1. Загальні відомості про міжкультурну комунікацію та комунікативність 1.2. Типи, види та форми комунікації 1.3. Моделі комунікації Розділ ІІ. Соціокультурні та етнопсихологічні особливості спілкування 2.1. Комунікативна поведінка канадців в різних комунікативних ситуаціях 2.2. Комунікативна поведінка українців в різних комунікативних ситуаціях 2.3. Комунікативна поведінка учасників CWY Висновки. Список використаної літератури Додатки.
_0Канада, CWY, комунікація
650 _aResearch Papers
999 _c285459
_d285459
942 _cBK